zpět

Detail výsledku týmu

Pekelná Husa, Klatovy

Datum a čas kvízu

35 Celkem bodů Celkový počet nahraných bodů na tomto kvízu bez doplňovacích otázek.
1. Pořadí na kvízu Konečné umístění týmu na tomto kvízu.

Zaznamenané odpovědi

# Otázka Odpověď Body Výsledky
1. Celkem 66 firem minulý týden v... manželství pro všechny 0
2. Ve kterém evropském hlavním mě... v Kyjevě 1
3. 23 dní před letošním vyhlášení... Daniela Kolářová 1
4. Česká národní banka minulý týd... posílat peníze na telefonní číslo 1
5. Česká fotbalová reprezentace v... Albánie, 1:1 0
6. Podle některých statistik obýv... mamba 1
7. Mezi člověku velmi nebezpečná... A 0
8. Sloni afričtí každoročně zabij... Zoo Dvůr Králové a Zoo Zlín (Lešná) 1
9. Nebezpečným zvířetem, s nímž s... medvěd brtník 0
10. Desítky tisíc lidských životů... C 1